Logo Biblioteca

Arte y educación en las infancias / (Registro nro. 999)

Detalles MARC
000 -LEADER
fixed length control field 01108nam a2200277 a 4500
003 - CONTROL NUMBER IDENTIFIER
control field AR-RoUNCS
005 - DATE AND TIME OF LATEST TRANSACTION
control field 20260505152232.0
007 - PHYSICAL DESCRIPTION FIXED FIELD--GENERAL INFORMATION
fixed length control field ta
008 - FIXED-LENGTH DATA ELEMENTS--GENERAL INFORMATION
fixed length control field 240603s2021 ag a |r 00| 0 spa
020 ## - INTERNATIONAL STANDARD BOOK NUMBER
International Standard Book Number 978-987-86-9474-0
040 ## - CATALOGING SOURCE
Original cataloging agency AR-BaBN
Language of cataloging spa
Transcribing agency AR-RoUNCS
041 ## - LANGUAGE CODE
Language code of text/sound track or separate title spa
080 1# - UNIVERSAL DECIMAL CLASSIFICATION NUMBER
Universal Decimal Classification number 37.02:7(036)
Edition identifier
100 1# - MAIN ENTRY--PERSONAL NAME
Personal name Carvalho, Cássio
Relator term autor
245 10 - TITLE STATEMENT
Title Arte y educación en las infancias /
Statement of responsibility, etc. Cássio Carvalho, Eva Harvez, Lucho Milocco.
250 ## - EDITION STATEMENT
Edition statement 1a ed.
260 ## - PUBLICATION, DISTRIBUTION, ETC.
Place of publication, distribution, etc. Buenos Aires :
Name of publisher, distributor, etc. Umacapiruá,
Date of publication, distribution, etc. 2021.
300 ## - PHYSICAL DESCRIPTION
Extent 142 p. :
Other physical details il. col. ;
Dimensions 25 cm.
500 ## - GENERAL NOTE
General note Precede al título: "Pim Pau" [nombre colectivo usado por los autores, cuyos nombres individuales figuran en la portada].
505 1# - FORMATTED CONTENTS NOTE
Formatted contents note Preliminares -- 1.El cuerpo como instrumento -- 2.El sonido como juguete -- 3.La palabra como juego -- 4.Una poética corporal y el objeto como metáfora -- 5.El traslado como territorio de encuentro -- 6.El cambio como poesía.-
650 #7 - SUBJECT ADDED ENTRY--TOPICAL TERM
Topical term or geographic name entry element Educación infantil
650 #4 - SUBJECT ADDED ENTRY--TOPICAL TERM
Topical term or geographic name entry element Arte
Source of heading or term embne
700 1# - ADDED ENTRY--PERSONAL NAME
Personal name Harvez, Eva
Relator term autora
700 1# - ADDED ENTRY--PERSONAL NAME
Personal name Milocco, Lucho
Relator term autor
942 ## - ADDED ENTRY ELEMENTS (KOHA)
Source of classification or shelving scheme Universal Decimal Classification
Koha item type Obra General
Suppress in OPAC No
Existencias
Withdrawn status Lost status Source of classification or shelving scheme Damaged status Not for loan Collection Home library Current library Date acquired Source of acquisition Total checkouts Full call number Barcode Date last seen Price effective from Koha item type
    Universal Decimal Classification     Colección General Biblioteca Escuela de Ciencias Sociales Biblioteca Escuela de Ciencias Sociales 22/04/2026 Donación 2026   37.02:7(036) C331 000235 22/04/2026 22/04/2026 Obra General
Biblioteca de la Escuela Preuniversitaria en Ciencias Sociales y Humanísticas.
Riobamba 250 bis.
CP 2000 - Rosario - Santa Fe
E-Mail: biblioteca@esociales.unr.edu.ar